00429nam a2200181Ia 4500008004100000041001200041082000800053082001100061100001600072100001100088245004300099260001400142260002800156260000900184300001500193365002500208650001400233150901s9999 xx 000 0 und d aEnglish a330 bETI/IN aEtienne G  eAuthor aIndia's changing rural scene 1963-1979 aNew Delhi bOxford University Press c1984 a231 Pages aRs.100.00  aEconomics